Analysis of observed chaotic data
Сохранить в:
| Главный автор: | |
|---|---|
| Формат: | |
| Язык: | английский |
| Опубликовано: |
Nueva York
Springer
1995
|
| Предметы: | |
| Метки: |
Добавить метку
Нет меток, Требуется 1-ая метка записи!
|
MARC
| LEADER | 00000nam a2200000 a 4500 | ||
|---|---|---|---|
| 001 | UCS6653 | ||
| 003 | CL-VaPUC | ||
| 008 | 970926e19950000US |||||||||||||||||eng|d | ||
| 082 | 0 | 4 | |a 003.75 |b ABA |2 21 |
| 100 | 0 | |a Abarbanel, Henry D. I |e author |9 392014 | |
| 245 | 1 | 0 | |a Analysis of observed chaotic data |
| 300 | |a 272 p | ||
| 942 | |c BK | ||
| 945 | |d 19970926 00:00:00 |a rleighto | ||
| 260 | |a Nueva York |b Springer |c 1995 | ||
| 650 | 7 | |a PROCESOS DE DATOS |2 CL-VaPUC |9 390968 | |
| 650 | 0 | |a Sistemas no lineales |9 362014 | |
| 650 | 7 | |a SISTEMA CAOTICO |2 CL-VaPUC |9 392015 | |
| 650 | 0 | |a Geometría |9 264063 | |
| 650 | 0 | |a Circuitos electrónicos |9 260204 | |
| 583 | |a last modification |c 20180403 12:05:49 |k Rodrigo Vera | ||
| 999 | |c 262291 |d 262289 | ||
| 952 | |0 0 |1 0 |4 0 |6 003_750000000000000_ABA_1995 |7 0 |8 A |9 290578 |a BIBGIM |b BIBGIM |d 2019-11-19 |i 3350061 |o 003.75 ABA 1995 |p 3350061 |r 2025-01-15 |w 2019-11-19 |y BK |k EST | ||